Estatísticas para Os 15 principais países afetados pela Covid-19 - 20 de outubro 2021

Clique aqui para jogar o quiz

Estatísticas Gerais

  • Esse quiz foi jogado 10 vezes
  • A pontuação média é 16 de 27

Estatísticas das Respostas

país% Correto
Argentina
100%
Brasil
100%
Estados Unidos
100%
Itália
100%
França
90%
Índia
90%
Alemanha
80%
Colômbia
80%
Espanha
80%
México
80%
Reino Unido
80%
Rússia
80%
Indonésia
70%
Suécia
60%
Uruguai
60%
Turquia
50%
Bélgica
40%
Chéquia
40%
Irão
30%
Sérvia
30%
Eslovénia
20%
Geórgia
20%
Israel
20%
Lituânia
20%
Países Baixos
20%
Estônia
10%
Bahrein
0%

Distribuição das Pontuações

Percentil de Números Respondidos

Porcentagem de Pessoas com Cada Pontuação

Sua Pontuação Histórica

Você não jogou esse quiz